000
00295nam a22001337a 4500
008
181010b xxu||||| |||| 00| 0 eng d
020
_a
9780072946734
041
_a
eng
080
_a
336
100
_a
56
101
_a
FIN
245
_a
Essentials of Corporate Finance
_c
Ross
942
_2
udc
_c
BK
999
_c
49313
_d
49313